[Event "HUN-chT2 Toth 1213"]
[Site "Hungary"]
[Date "2013.04.07"]
[Round "10.11"]
[White "Botta, Tibor Jr"]
[Black "Perdi, Zsombor"]
[Result "0-1"]
[WhiteElo "1380"]
[BlackElo "1511"]
[PlyCount "116"]
[EventDate "2012.09.16"]
[EventType "team-tourn"]
[EventRounds "11"]
[EventCountry "HUN"]
[SourceTitle "EXT 2014"]
[Source "ChessBase"]
[SourceDate "2013.11.20"]
[SourceVersion "1"]
[SourceVersionDate "2013.11.20"]
[SourceQuality "1"]
[WhiteTeam "Takisz"]
[BlackTeam "Bekes"]
[WhiteTeamCountry "HUN"]
[BlackTeamCountry "HUN"]

1. e4 e6 2. d4 d5 3. exd5 exd5 4. Nc3 c6 5. Bd3 Bd6 6. Nf3 Nf6 7. 0-0 0-0 8. Ne5 c5 9. Be3 Bxe5 10. dxe5 Nfd7 11. Bf4 d4 12. Nb1 Nc6 13. Re1 Nb6 14. Qh5 g6 15. Qg5 Qxg5 16. Bxg5 c4 17. Be4 Be6 18. Bxc6 bxc6 19. Na3 Rfe8 20. b3 Rac8 21. Re4 c5 22. Nb5 Bf5 23. Ree1 Bxc2 24. Nd6 c3 25. Nxc8 Rxc8 26. Rac1 d3 27. Rxc2 dxc2 28. Rc1 h6 29. Bf6 Nd5 30. Rxc2 Rc7 31. Bh4 Rd7 32. h3 g5 33. Bg3 h5 34. h4 gxh4 35. Bxh4 Nf4 36. Rxc3 Ne2+ 37. Kh2 Nxc3 38. f4 Ne2 39. Bf2 Nxf4 40. Bxc5 a6 41. Be3 Nd3 42. a4 Nxe5 43. Bf4 Ng4+ 44. Kg3 Rd3+ 45. Kh4 Rxb3 46. Kxh5 Nf6+ 47. Kg5 Nh7+ 48. Kg4 Rb4 49. a5 Nf6+ 50. Kf5 Rxf4+ 51. Kxf4 Nd7 52. Ke4 Nc5+ 53. Kd4 Nb3+ 54. Kc4 Nxa5+ 55. Kc5 Nb7+ 56. Kb4 a5+ 57. Ka4 Kg7 58. Ka3 Kg6 0-1

[Event "HUN-chT2 Toth 1011"]
[Site "Hungary"]
[Date "2010.10.24"]
[Round "4.11"]
[White "Botta, Tibor Jr"]
[Black "Toth, Tamas2"]
[Result "0-1"]
[WhiteElo "1690"]
[BlackElo "1644"]
[PlyCount "71"]
[EventDate "2010.09.12"]
[EventType "team-tourn"]
[EventRounds "11"]
[EventCountry "HUN"]
[SourceTitle "EXT 2012"]
[Source "ChessBase"]
[SourceDate "2011.11.24"]
[SourceVersion "1"]
[SourceVersionDate "2011.11.24"]
[SourceQuality "1"]
[WhiteTeam "Takisz"]
[BlackTeam "Nadudvar"]
[WhiteTeamCountry "HUN"]
[BlackTeamCountry "HUN"]

1. e4 c5 2. c4 d6 3. f4 Nc6 4. g3 Nf6 5. d3 g6 6. Nc3 Bg7 7. Bg2 0-0 8. Nge2 Bg4 9. 0-0 Qd7 10. Rb1 Nd4 11. Qe1 Bh3 12. Nxd4 cxd4 13. Nd5 Nxd5 14. cxd5 Bxg2 15. Kxg2 Qa4 16. Bd2 Qxa2 17. f5 Qb3 18. Qe2 Rac8 19. fxg6 fxg6 20. Rxf8+ Rxf8 21. Bg5 Rc8 22. Kh3 e6 23. Qg4 Re8 24. dxe6 Qxd3 25. e7 Qc4 26. Rc1 Qf7 27. Rc8 h6 28. Rxe8+ Qxe8 29. Qe6+ Kh7 30. Bf6 d3 31. Bxg7 Kxg7 32. Qxd6 d2 33. Qd8 Qf7 34. e8N+ Kh7 35. Nf6+ Kg7 36. Ne8+ 0-1

[Event "HUN-chT2 Toth 1011"]
[Site "Hungary"]
[Date "2010.09.12"]
[Round "1.11"]
[White "Szabo, Csanad"]
[Black "Botta, Tibor Jr"]
[Result "1-0"]
[WhiteElo "1907"]
[BlackElo "1690"]
[PlyCount "61"]
[EventDate "2010.09.12"]
[EventType "team-tourn"]
[EventRounds "11"]
[EventCountry "HUN"]
[SourceTitle "EXT 2012"]
[Source "ChessBase"]
[SourceDate "2011.11.24"]
[SourceVersion "1"]
[SourceVersionDate "2011.11.24"]
[SourceQuality "1"]
[WhiteTeam "Mako"]
[BlackTeam "Takisz"]
[WhiteTeamCountry "HUN"]
[BlackTeamCountry "HUN"]

1. d4 d5 2. c4 e6 3. Nf3 Nf6 4. Bg5 Be7 5. Nc3 Nbd7 6. e3 0-0 7. Qc2 dxc4 8. Bxc4 c6 9. 0-0 b5 10. Bd3 h6 11. Bxf6 Nxf6 12. a4 b4 13. Ne4 Qc7 14. Ne5 c5 15. Nxc5 Bxc5 16. Qxc5 Qxc5 17. dxc5 a5 18. Rfd1 Nd7 19. Nxd7 Bxd7 20. Bb5 Bxb5 21. axb5 a4 22. Rd4 a3 23. bxa3 Rfc8 24. Rxb4 Rxc5 25. g3 Ra5 26. b6 Rcb5 27. b7 Rxb4 28. axb4 Rb5 29. Ra8+ Kh7 30. b8Q Rxb8 31. Rxb8 1-0

[Event "HUN-chT2 Toth 0910"]
[Site "Hungary"]
[Date "2010.02.28"]
[Round "7.11"]
[White "Laszlo, Bela"]
[Black "Botta, Tibor Jr"]
[Result "1-0"]
[WhiteElo "1851"]
[BlackElo "1690"]
[PlyCount "107"]
[EventDate "2009.11.08"]
[EventType "team-tourn"]
[EventRounds "11"]
[EventCountry "HUN"]
[SourceTitle "EXT 2011"]
[Source "ChessBase"]
[SourceDate "2010.11.26"]
[SourceVersion "1"]
[SourceVersionDate "2010.11.26"]
[SourceQuality "1"]
[WhiteTeam "Karcag"]
[BlackTeam "Takisz"]
[WhiteTeamCountry "HUN"]
[BlackTeamCountry "HUN"]

1. d4 d5 2. c4 Nf6 3. cxd5 Nxd5 4. e4 Nb6 5. Nc3 e6 6. Nf3 Bd7 7. Bd3 Be7 8. 0-0 0-0 9. Be3 f5 10. exf5 exf5 11. Ne5 f4 12. Bc1 Nc6 13. Qb3+ Kh8 14. Nf7+ Rxf7 15. Qxf7 Qf8 16. Qxf4 Qxf4 17. Bxf4 Nxd4 18. Bxc7 Ne6 19. Bxb6 axb6 20. Rfe1 Re8 21. Bf5 Bc5 22. Bxe6 Rxe6 23. Rxe6 Bxe6 24. Re1 Bf7 25. Rd1 h5 26. Rd7 Bg6 27. Rxb7 Bd3 28. Na4 Ba6 29. Nxc5 Bxb7 30. Nxb7 g5 31. a4 Kg7 32. a5 bxa5 33. Nxa5 Kf6 34. b4 Ke6 35. b5 Kd7 36. b6 Kc8 37. b7+ Kb8 38. g3 Kc7 39. f4 gxf4 40. gxf4 h4 41. Kg2 Kb8 42. Kh3 Kc7 43. Kxh4 Kb8 44. f5 Kc7 45. f6 Kb6 46. b8Q+ Kxa5 47. f7 Ka4 48. Kg5 Ka5 49. h4 Ka4 50. h5 Ka5 51. h6 Ka4 52. h7 Ka5 53. Qb7 Ka4 54. Qb6 1-0

[Event "HUN-chT2 Toth 0910"]
[Site "Hungary"]
[Date "2010.02.14"]
[Round "6.11"]
[White "Botta, Tibor Jr"]
[Black "Sandor, Peter"]
[Result "0-1"]
[WhiteElo "1690"]
[BlackElo "2062"]
[PlyCount "94"]
[EventDate "2009.11.08"]
[EventType "team-tourn"]
[EventRounds "11"]
[EventCountry "HUN"]
[SourceTitle "EXT 2011"]
[Source "ChessBase"]
[SourceDate "2010.11.26"]
[SourceVersion "1"]
[SourceVersionDate "2010.11.26"]
[SourceQuality "1"]
[WhiteTeam "Takisz"]
[BlackTeam "Bekes"]
[WhiteTeamCountry "HUN"]
[BlackTeamCountry "HUN"]

1. e4 c5 2. c4 Nc6 3. Nc3 Nf6 4. d3 h6 5. f4 d6 6. h3 e6 7. Nf3 Nh5 8. Ne2 Be7 9. Rg1 Bf6 10. g4 Bh4+ 11. Kd2 Bf2 12. Rg2 Qa5+ 13. Kc2 Bd4 14. Nexd4 cxd4 15. gxh5 Bd7 16. Rxg7 b5 17. Bd2 Qa4+ 18. Kc1 Qa6 19. cxb5 Qxb5 20. Nh4 Rb8 21. Rb1 Rc8 22. Qg4 Ne5+ 23. Kd1 Nxg4 24. Rxg4 Qa4+ 25. Ke2 Qxa2 26. Rd1 Qxb2 27. Bg2 Ba4 28. Re1 Rc2 29. Rd1 Qa2 30. Nf3 Ke7 31. f5 e5 32. Kf1 Bb5 33. Be1 Qb3 34. Bh4+ Kf8 35. Ne1 Rxg2 36. Rxg2 Qxd1 37. Rg3 Qxh5 38. Bf6 Rg8 39. Be7+ Kxe7 40. Rxg8 Qxh3+ 41. Rg2 Bxd3+ 42. Nxd3 Qxd3+ 43. Re2 a5 44. Ke1 a4 45. Kf2 a3 46. Ke1 Qxe2+ 47. Kxe2 a2 0-1

[Event "HUN-chT2 Toth 0910"]
[Site "Hungary"]
[Date "2010.01.31"]
[Round "5.11"]
[White "Lovas, Peter"]
[Black "Botta, Tibor Jr"]
[Result "1-0"]
[WhiteElo "1724"]
[BlackElo "1690"]
[PlyCount "67"]
[EventDate "2009.11.08"]
[EventType "team-tourn"]
[EventRounds "11"]
[EventCountry "HUN"]
[SourceTitle "EXT 2011"]
[Source "ChessBase"]
[SourceDate "2010.11.26"]
[SourceVersion "1"]
[SourceVersionDate "2010.11.26"]
[SourceQuality "1"]
[WhiteTeam "Nadudvar"]
[BlackTeam "Takisz"]
[WhiteTeamCountry "HUN"]
[BlackTeamCountry "HUN"]

1. d4 d5 2. Nf3 Bf5 3. Bf4 e6 4. e3 Nf6 5. Bd3 Be7 6. Bxf5 exf5 7. 0-0 0-0 8. Nbd2 Ne4 9. Rc1 g5 10. Be5 f6 11. Bg3 h5 12. h4 g4 13. Nxe4 fxe4 14. Nd2 f5 15. c4 c6 16. Bxb8 Rxb8 17. g3 b5 18. cxd5 cxd5 19. Nb3 a5 20. Nc5 Bxc5 21. Rxc5 a4 22. b4 axb3 23. Qxb3 b4 24. Rxd5 Qf6 25. Rxf5+ Kg7 26. Rxf6 Rxf6 27. a3 Rfb6 28. axb4 Rxb4 29. Qd5 R4b5 30. Qxe4 Kf7 31. Rc1 R8b7 32. Rc6 Kg8 33. Qg6+ Kf8 34. Rf6+ 1-0

[Event "HUN-chT2 Toth 0809"]
[Site "Hungary"]
[Date "2009.02.08"]
[Round "7.12"]
[White "Kralik, Attila"]
[Black "Botta, Tibor Jr"]
[Result "1-0"]
[WhiteElo "1893"]
[BlackElo "1690"]
[PlyCount "67"]
[EventDate "2008.10.26"]
[EventType "tourn"]
[EventRounds "11"]
[EventCountry "HUN"]
[SourceTitle "EXT 2010"]
[Source "ChessBase"]
[SourceDate "2010.11.25"]
[SourceVersion "1"]
[SourceVersionDate "2010.11.25"]
[SourceQuality "1"]
[WhiteTeam "Mako II"]
[BlackTeam "Takisz"]
[WhiteTeamCountry "HUN"]
[BlackTeamCountry "HUN"]

1. d4 d5 2. Nf3 Nf6 3. c4 Nc6 4. Nc3 e6 5. Bg5 Be7 6. e3 0-0 7. Bd3 Nb4 8. c5 Nxd3+ 9. Qxd3 Ne8 10. Bf4 f5 11. h3 c6 12. g4 Nf6 13. g5 Ne4 14. h4 Qe8 15. Ne2 Qh5 16. Ne5 h6 17. Rh2 hxg5 18. hxg5 Qe8 19. 0-0-0 Nxg5 20. Rdh1 Nf7 21. Ng6 Bd7 22. Be5 Qd8 23. Nxf8 Bxf8 24. Nf4 Nxe5 25. Rh8+ Kf7 26. dxe5 Qa5 27. Qe2 Qxc5+ 28. Kb1 Ke7 29. Ng6+ Kf7 30. Qh5 Qb4 31. Nxf8+ Ke7 32. Qg5+ Ke8 33. Nxe6+ Kf7 34. Qxg7+ 1-0

[Event "HUN-chT2 Toth 0809"]
[Site "Hungary"]
[Date "2009.01.25"]
[Round "6.12"]
[White "Botta, Tibor Jr"]
[Black "Olah, Bela Janos"]
[Result "0-1"]
[WhiteElo "1690"]
[BlackElo "1811"]
[PlyCount "78"]
[EventDate "2008.10.26"]
[EventType "tourn"]
[EventRounds "11"]
[EventCountry "HUN"]
[SourceTitle "EXT 2010"]
[Source "ChessBase"]
[SourceDate "2010.11.25"]
[SourceVersion "1"]
[SourceVersionDate "2010.11.25"]
[SourceQuality "1"]
[WhiteTeam "Takisz"]
[BlackTeam "Bekes"]
[WhiteTeamCountry "HUN"]
[BlackTeamCountry "HUN"]

1. e4 e6 2. d4 d5 3. exd5 exd5 4. Nf3 Nf6 5. Nc3 Be7 6. Bd3 Bg4 7. Be3 Nbd7 8. 0-0 0-0 9. Be2 c6 10. Ne5 Bxe2 11. Nxe2 Ne4 12. Ng3 Nd6 13. Qg4 f5 14. Nxf5 Nxf5 15. c3 Nxe5 16. dxe5 Nxe3 17. fxe3 Qc7 18. Qe6+ Kh8 19. Rf4 Bg5 20. Rxf8+ Rxf8 21. Qd6 Qxd6 22. exd6 Bxe3+ 23. Kh1 Bc5 24. d7 Bb6 25. Re1 Bd8 26. Re8 Kg8 27. g4 Kf7 28. Re5 h6 29. Kg2 Bf6 30. Re2 Rd8 31. c4 Rxd7 32. cxd5 Rxd5 33. b4 Rd4 34. a3 Rxg4+ 35. Kf3 Rc4 36. Ra2 Ke6 37. Ke2 Ke5 38. Kd3 Kd5 39. Kd2 Rh4 0-1

[Event "HUN-chT2 Toth 0809"]
[Site "Hungary"]
[Date "2009.01.11"]
[Round "5.11"]
[White "Tamas, Kornel"]
[Black "Botta, Tibor Jr"]
[Result "1-0"]
[WhiteElo "1835"]
[BlackElo "1690"]
[PlyCount "71"]
[EventDate "2008.10.26"]
[EventType "tourn"]
[EventRounds "11"]
[EventCountry "HUN"]
[SourceTitle "EXT 2010"]
[Source "ChessBase"]
[SourceDate "2010.11.25"]
[SourceVersion "1"]
[SourceVersionDate "2010.11.25"]
[SourceQuality "1"]
[WhiteTeam "Mezobereny"]
[BlackTeam "Takisz"]
[WhiteTeamCountry "HUN"]
[BlackTeamCountry "HUN"]

1. d4 d5 2. Nf3 Nf6 3. g3 Bf5 4. Bg2 e6 5. c4 Nc6 6. 0-0 dxc4 7. Qa4 Qd5 8. Ne5 Ne4 9. Nc3 Nxc3 10. bxc3 Be4 11. f3 Bg6 12. Qxc4 Qxc4 13. Nxc4 Be7 14. Bf4 b5 15. Ne5 Na5 16. Nxg6 fxg6 17. Bxc7 Nc4 18. Be5 0-0 19. Bh3 Nxe5 20. dxe5 Bc5+ 21. Kg2 Kh8 22. f4 Rfe8 23. Rab1 a6 24. Rfd1 Rad8 25. Bxe6 Rxd1 26. Rxd1 h6 27. Bf7 Rf8 28. Bxg6 a5 29. e6 Rf6 30. f5 Kg8 31. e4 Rxg6 32. fxg6 Kf8 33. Rd7 b4 34. cxb4 axb4 35. e7+ Bxe7 36. Rxe7 1-0

[Event "HUN-chT2 Toth 0809"]
[Site "Hungary"]
[Date "2008.10.26"]
[Round "1.12"]
[White "Botta, Tibor Jr"]
[Black "Kecze, Matyas"]
[Result "0-1"]
[WhiteElo "1690"]
[BlackElo "1756"]
[PlyCount "48"]
[EventDate "2008.10.26"]
[EventType "tourn"]
[EventRounds "11"]
[EventCountry "HUN"]
[SourceTitle "EXT 2010"]
[Source "ChessBase"]
[SourceDate "2010.11.25"]
[SourceVersion "1"]
[SourceVersionDate "2010.11.25"]
[SourceQuality "1"]
[WhiteTeam "Takisz"]
[BlackTeam "Kisujszallas"]
[WhiteTeamCountry "HUN"]
[BlackTeamCountry "HUN"]

1. e4 c5 2. Bc4 Nc6 3. d3 e6 4. Ne2 Nf6 5. 0-0 d5 6. exd5 exd5 7. Bb5 Bd7 8. Bxc6 Bxc6 9. Bf4 Be7 10. d4 0-0 11. Nbc3 Qb6 12. b3 Rad8 13. Qd3 Ne4 14. dxc5 Bxc5 15. Nxe4 dxe4 16. Qg3 Rd7 17. Bh6 f5 18. Nf4 Bb5 19. c4 Bxc4 20. bxc4 Qxh6 21. Nd5 f4 22. Qb3 f3 23. g3 Qh3 24. Ne3 Bxe3 0-1